Destinations from Bangkok - Statistics

General Stats
  • This quiz has been taken 27 times
  • The average score is 80 of 137
Answer Stats
No Group Destination % Correct
32 Europe Frankfurt
100%
78 SE Asia Manila
96%
6 Europe Amsterdam
91%
10 S Asia Bangalore
91%
20 Thailand Chiang Mai
91%
27 S Asia Delhi
91%
31 MENA Dubai
91%
39 SE Asia Ha Noi
91%
44 SE Asia Ho Chi Minh City
91%
51 SE Asia Jakarta
91%
81 Russia Moscow
91%
82 S Asia Mumbai
91%
90 E Asia Osaka
91%
96 Thailand Phuket
91%
121 E Asia Tokyo
91%
11 China Beijing
87%
28 SE Asia Denpasar
87%
30 MENA Doha
87%
61 S Asia Kolkata
87%
64 SE Asia Kuala Lumpur
87%
70 Europe London
87%
102 E Asia Seoul
87%
1 MENA Abu Dhabi
83%
2 Africa Addis Ababa
83%
22 China Chongqing
83%
45 E Asia Hong Kong
83%
50 Europe Istanbul
83%
92 Europe Paris
83%
99 Europe Rome
83%
103 China Shanghai
83%
110 SE Asia Singapore
83%
114 Oceania Sydney
83%
19 S Asia Chennai
78%
29 S Asia Dhaka
78%
56 S Asia Karachi
78%
57 S Asia Kathmandu
78%
74 Europe Madrid
78%
79 Oceania Melbourne
78%
80 Europe Milan
78%
98 MENA Riyadh
78%
129 China Wuhan
78%
132 SE Asia Yangon
78%
4 C Asia Almaty
74%
5 MENA Amman
74%
15 E Asia Busan
74%
37 China Guangzhou
74%
52 MENA Jeddah
74%
67 S Asia Lahore
74%
85 E Asia Nagoya
74%
93 Oceania Perth
74%
94 SE Asia Phnom Penh
74%
137 Europe Zurich
74%
14 Europe Brussels
70%
16 SE Asia Cebu City
70%
18 China Chengdu
70%
24 Europe Copenhagen
70%
25 SE Asia Da Nang
70%
43 Europe Helsinki
70%
47 S Asia Hyderabad
70%
49 S Asia Islamabad
70%
62 Thailand Krabi
70%
66 MENA Kuwait City
70%
76 MENA Manama
70%
83 Europe Munich
70%
84 MENA Muscat
70%
91 Europe Oslo
70%
101 E Asia Sapporo
70%
107 China Shenzhen
70%
33 E Asia Fukuoka
65%
36 SE Asia Georgetown
65%
115 E Asia Taipei
65%
13 Oceania Brisbane
61%
17 China Changsha
61%
97 China Qingdao
61%
112 Europe Stockholm
61%
117 C Asia Tashkent
61%
126 SE Asia Vientiane
61%
130 China Xiamen
61%
131 China Xian
61%
3 S Asia Ahmedabad
57%
23 S Asia Colombo
57%
65 China Kunming
57%
73 E Asia Macau
57%
118 MENA Tehran
57%
119 MENA Tel Aviv
57%
8 C Asia Ashgabat
52%
21 Thailand Chiang Rai
52%
41 China Hangzhou
52%
60 Thailand Koh Samui
52%
77 SE Asia Mandalay
52%
86 Africa Nairobi
52%
87 China Nanjing
52%
108 SE Asia Siem Reap
52%
125 Europe Vienna
52%
34 China Fuzhou
43%
136 China Zhengzhou
43%
42 China Hefei
39%
53 China Jinan
39%
55 E Asia Kaohsiung
39%
59 S Asia Kochi
39%
71 SE Asia Luang Prabang
39%
88 China Nanning
39%
124 Americas Vancouver
39%
9 SE Asia Bandar Seri Begawan
35%
26 E Asia Daegu
35%
95 SE Asia Phu Quoc
35%
106 China Shenyang
35%
120 S Asia Thimphu
35%
123 E Asia Ulaanbaatar
35%
7 SE Asia Angeles
30%
40 China Haikou
30%
75 S Asia Male
30%
89 Russia Novosibirsk
30%
113 Thailand Surat Thani
30%
127 Russia Vladivostok
30%
134 Russia Yekaterinburg
30%
35 S Asia Gaya
26%
63 Russia Krasnoyarsk
26%
111 Thailand Songkhla
26%
68 China Lanzhou
22%
12 S Asia Bhubaneswar
17%
104 China Shantou
17%
105 MENA Sharjah
17%
116 China Taiyuan
17%
122 Thailand Udon Thani
17%
128 China Wenzhou
17%
38 China Guiyang
13%
48 Russia Irkutsk
13%
133 China Yantai
13%
58 Russia Khabarovsk
4%
72 China Luoyang
4%
100 Africa Saint-Denis
4%
46 China Huai'an
0%
54 China Jinjiang
0%
69 China Lijiang
0%
109 S Asia Siliguri
0%
135 China Yuncheng
0%
No matching quizzes found
Score Distribution
Percent of People with Each Score
Percentile by Number Answered
Your Score History
You have not taken this quiz